000
00236nam a2200097Ia 4500
001
1205920
005
20251009141749.0
008
250824s9999 xx 000 0 und d
245
0
_a
DÖNÜŞ
_c
AYŞE KULİN
260
_b
EVEREST YAYINLARI
999
_c
1205920
_d
1205920